|
|
|
|
| LEADER |
00000naa2a2200000 4500 |
| 001 |
392419 |
| 005 |
20231101064249.0 |
| 035 |
|
|
|a (RuTPU)RU\TPU\prd\27734
|
| 090 |
|
|
|a 392419
|
| 100 |
|
|
|a 20040910a2004 k y0rusy50 ca
|
| 101 |
0 |
|
|a rus
|
| 102 |
|
|
|a RU
|
| 200 |
1 |
|
|a Формирование рациональных режимов работы синхронных электродвигателей насосных агрегатов кустовых насосных станций
|f И. А. Ниссенбаум, В. П. Фрайштетер
|
| 225 |
1 |
|
|a Энергообеспечение
|
| 461 |
|
1 |
|0 (RuTPU)RU\TPU\prd\1638
|x 0028-2448
|t Нефтяное хозяйство
|o научно-технический производственный журнал
|d 1925-1940, 1946-
|
| 463 |
|
1 |
|0 (RuTPU)RU\TPU\prd\25410
|t № 3
|v С. 70-71
|d 2004
|
| 610 |
1 |
|
|a синхронные радиодвигатели
|
| 610 |
1 |
|
|a насосные агрегаты
|
| 610 |
1 |
|
|a кустовые насосные станции
|
| 610 |
1 |
|
|a формирование
|
| 610 |
1 |
|
|a рациональные режимы
|
| 610 |
1 |
|
|a использование
|
| 610 |
1 |
|
|a нетепромыслы
|
| 675 |
|
|
|a 622.276.53.05-886
|v 3
|
| 700 |
|
1 |
|a Ниссенбаум
|b И. А.
|
| 701 |
|
1 |
|a Фрайштетер
|b В. П.
|
| 801 |
|
1 |
|a RU
|b 63413507
|c 20040910
|g PSBO
|
| 801 |
|
2 |
|a RU
|b 63413507
|c 20131028
|g RCR
|
| 942 |
|
|
|c BK
|